Optical communications and networks (Record no. 14960)

MARC details
000 -LEADER
fixed length control field 00945nam a2200253Ia 4500
003 - CONTROL NUMBER IDENTIFIER
control field IN-BaIIA
008 - FIXED-LENGTH DATA ELEMENTS--GENERAL INFORMATION
fixed length control field 211028s9999 xx 000 0 eng d
020 ## - INTERNATIONAL STANDARD BOOK NUMBER
International Standard Book Number 981-238-232-1
040 ## - CATALOGING SOURCE
Transcribing agency IIA Library
080 ## - UNIVERSAL DECIMAL CLASSIFICATION NUMBER
Universal Decimal Classification number 535
Item number OMI
111 ## - MAIN ENTRY--MEETING NAME
Meeting name or jurisdiction name as entry element International Conference on Optical Commu and Networks
Location of meeting Singapore
Date of meeting or treaty signing 2002 Nov. 11-14
9 (RLIN) 27062
245 #0 - TITLE STATEMENT
Title Optical communications and networks
Remainder of title proceedings of the first International conference held in Shangri-La Hotel, Singapore, November 11-14, 2002
Statement of responsibility, etc. edited by C. G. Omidyar, H. G. Shiraz and W. D. Zhong
260 ## - PUBLICATION, DISTRIBUTION, ETC.
Place of publication, distribution, etc. New Jersey
Name of publisher, distributor, etc. World Scientific
Date of publication, distribution, etc. 2002
300 ## - PHYSICAL DESCRIPTION
Extent xxii, 430p.
650 ## - SUBJECT ADDED ENTRY--TOPICAL TERM
Topical term or geographic name entry element Amplifiers
9 (RLIN) 2159
650 ## - SUBJECT ADDED ENTRY--TOPICAL TERM
Topical term or geographic name entry element Chromatic Dispersion
9 (RLIN) 27063
650 ## - SUBJECT ADDED ENTRY--TOPICAL TERM
Topical term or geographic name entry element Lasers
9 (RLIN) 3580
650 ## - SUBJECT ADDED ENTRY--TOPICAL TERM
Topical term or geographic name entry element Optical Networking
9 (RLIN) 27064
650 ## - SUBJECT ADDED ENTRY--TOPICAL TERM
Topical term or geographic name entry element Optical Switching
9 (RLIN) 26184
700 ## - ADDED ENTRY--PERSONAL NAME
Personal name Omidyar, C. G., ed.
9 (RLIN) 27065
700 ## - ADDED ENTRY--PERSONAL NAME
Personal name Shiraz, H. G., ed.
9 (RLIN) 27066
700 ## - ADDED ENTRY--PERSONAL NAME
Personal name Zhong, W.D. ed.
9 (RLIN) 27067
942 ## - ADDED ENTRY ELEMENTS (KOHA)
Koha item type Books
Holdings
Withdrawn status Lost status Damaged status Not for loan Home library Current library Shelving location Date acquired Source of acquisition Cost, normal purchase price Total Checkouts Full call number Barcode Date last seen Cost, replacement price Price effective from Koha item type Purchase Price
        IIA Library-Bangalore IIA Library-Bangalore General Stacks 27/02/2003 ANJ 5323.50   535/ OMI 15882 05/11/2021 5323.50 27/02/2003 Books Rs. 5323.50

Powered by Koha